<?xml version="1.0" encoding="UTF-8"?>
<collection xmlns="http://www.loc.gov/MARC21/slim">
 <record>
  <leader>00461pamaa2200157   4500</leader>
  <controlfield tag="001">0000031915</controlfield>
  <controlfield tag="005">20080304090000.0</controlfield>
  <datafield tag="020" ind1="0" ind2="0">
   <subfield code="a">0324056249 </subfield>
  </datafield>
  <datafield tag="082" ind1=" " ind2=" ">
   <subfield code="a">658.402 DUF</subfield>
  </datafield>
  <datafield tag="090" ind1="0" ind2="0">
   <subfield code="a">HD66 </subfield>
   <subfield code="b">DUF 2002</subfield>
  </datafield>
  <datafield tag="100" ind1="1" ind2="0">
   <subfield code="a">DUFRENE </subfield>
  </datafield>
  <datafield tag="245" ind1="1" ind2="0">
   <subfield code="a">Building high-performance teams  </subfield>
   <subfield code="c">Debbie D. Dufrene and Carol M. Lehman.</subfield>
  </datafield>
  <datafield tag="260" ind1="0" ind2="0">
   <subfield code="a">Cincinnati: </subfield>
   <subfield code="b">South-Western Thomson Learning, </subfield>
   <subfield code="c">2002.</subfield>
  </datafield>
  <datafield tag="300" ind1=" " ind2=" ">
   <subfield code="a">iv, 43p.; </subfield>
   <subfield code="c">23cm.</subfield>
  </datafield>
  <datafield tag="650" ind1="0" ind2="0">
   <subfield code="a">Teams in the workplace </subfield>
  </datafield>
  <datafield tag="700" ind1="1" ind2="1">
   <subfield code="a">Lehman, </subfield>
   <subfield code="h">Carol M. </subfield>
  </datafield>
 </record>
</collection>
